Wird geladen...
Resolutions, agreements, conferences and conventions for peace
| 1. Verfasser: | |
|---|---|
| Weitere Verfasser: | |
| Format: | Printed Book |
| Veröffentlicht: |
New Delhi
Janada Prakashan
2017
|
| Schlagworte: |
| LEADER | 00551nam a22001577a 4500 | ||
|---|---|---|---|
| 020 | |a 9788171397211 | ||
| 082 | |a 327.172 |b LAM.R | ||
| 100 | |a Lama Gangchen | ||
| 245 | |a Resolutions, agreements, conferences and conventions for peace | ||
| 260 | |a New Delhi |b Janada Prakashan |c 2017 | ||
| 300 | |a 2821-3282p: 24cm. | ||
| 650 | |a International Peace Conference | ||
| 700 | |a Charles Mercieca | ||
| 942 | |c BK | ||
| 999 | |c 24608 |d 24608 | ||
| 952 | |0 0 |1 0 |4 0 |6 327_172000000000000_LAM_R |7 0 |9 27025 |a CAMPUS |b CAMPUS |d 2019-06-19 |l 0 |o 327.172 LAM.R |p 27798 |r 2019-06-19 |w 2019-06-19 |y BK | ||